000 00406nam a22001457a 4500
003 OSt
005 20251014102442.0
008 251014b |||||||| |||| 00| 0 eng d
020 _a9966224831
040 _cJOMO KENYATTA FOUNDATION
050 _aPL 8704 .M64 2005
245 _aMFUKO MTUPU
_bHADITHI NYINGINE
_cSAID A. MOHAMED
260 _aNAIROBI, KENYA
_bJOMO KENYATTA FOUNDATION
_c2005
942 _2lcc
_cBK
_n0
999 _c9598
_d9598